Introduction to Psychology / (Record no. 2002)
[ view plain ]
| 000 -LEADER | |
|---|---|
| fixed length control field | 00680nam a22002417a 4500 |
| 003 - CONTROL NUMBER IDENTIFIER | |
| control field | OSt |
| 005 - DATE AND TIME OF LATEST TRANSACTION | |
| control field | 20150610181556.0 |
| 008 - FIXED-LENGTH DATA ELEMENTS--GENERAL INFORMATION | |
| fixed length control field | 150610b xxu||||| |||| 00| 0 eng d |
| 020 ## - INTERNATIONAL STANDARD BOOK NUMBER | |
| International Standard Book Number | 0155009141 |
| 040 ## - CATALOGING SOURCE | |
| Transcribing agency | 04 |
| 082 ## - DEWEY DECIMAL CLASSIFICATION NUMBER | |
| Classification number | 150 INT |
| 100 ## - MAIN ENTRY--PERSONAL NAME | |
| Personal name | Atkinson Rita L |
| 9 (RLIN) | 5224 |
| 245 ## - TITLE STATEMENT | |
| Title | Introduction to Psychology / |
| Statement of responsibility, etc. | Rita L. Atkinson, [et...al] |
| 250 ## - EDITION STATEMENT | |
| Edition statement | 11th ed. |
| 260 ## - PUBLICATION, DISTRIBUTION, ETC. (IMPRINT) | |
| Name of publisher, distributor, etc. | Harcourt Brace & Company |
| 300 ## - PHYSICAL DESCRIPTION | |
| Extent | xvii, 784 p : |
| Other physical details | col.ill; |
| Dimensions | 27 cm. |
| 504 ## - BIBLIOGRAPHY, ETC. NOTE | |
| Bibliography, etc | Includes bibliographical references and index. |
| 650 ## - SUBJECT ADDED ENTRY--TOPICAL TERM | |
| Topical term or geographic name as entry element | Psychology |
| 9 (RLIN) | 31 |
| 700 ## - ADDED ENTRY--PERSONAL NAME | |
| Personal name | Atkinson Richard C |
| 9 (RLIN) | 5225 |
| 700 ## - ADDED ENTRY--PERSONAL NAME | |
| Personal name | Smith Edward E |
| 9 (RLIN) | 5226 |
| 700 ## - ADDED ENTRY--PERSONAL NAME | |
| Personal name | Bem Daryl J. |
| 9 (RLIN) | 5227 |
| 942 ## - ADDED ENTRY ELEMENTS (KOHA) | |
| Source of classification or shelving scheme | Other/Generic Classification Scheme |
| Koha item type | Short Loan |
| Withdrawn status | Lost status | Source of classification or shelving scheme | Damaged status | Not for loan | Home library | Current library | Date acquired | Source of acquisition | Inventory number | Total Checkouts | Full call number | Barcode | Date last seen | Price effective from | Koha item type |
|---|---|---|---|---|---|---|---|---|---|---|---|---|---|---|---|
| Other/Generic Classification Scheme | MUST Main Library | MUST Main Library | 10/06/2015 | 1997/11281 | 150 INT | 2015-1805 | 10/06/2015 | 10/06/2015 | Short Loan | ||||||
| Other/Generic Classification Scheme | MUST Main Library | MUST Main Library | 10/06/2015 | 1997/11280 | 150 INT | 2015-1806 | 10/06/2015 | 10/06/2015 | Short Loan | ||||||
| Other/Generic Classification Scheme | MUST Main Library | MUST Main Library | 11/06/2015 | 1997/11279 | 150 INT | 2015-1826 | 11/06/2015 | 11/06/2015 | Short Loan |
